Регионална библиотека "Любен Каравелов" - Русе

Специална технология по корабостроене (Запис номер 185391)

MARC детайли
000 -Лидер
Контролно поле с фиксирана дължина 01310nam a2200313 c 4500
003 - Код на организацията, давaща контролен номер
Контролно поле BLK
005 - Дата и час на последна редакция
Контролно поле 20201229105647.0
008 - Елементи от данни с фиксирана дължина
fixed length control field 180411b bul|||||r ||||||| ||bul||
010 ## - Наследен системен номер
LC control number KNG00194384000
040 ## - Източник на каталожния запис
Идентификатор на билиотеката - собственик на записа BLK
041 ## - Код за език
Код за езика на текст/звукозапис или на отделно заглавие Български
Код за езика КДБФ Български
080 ## - УДК
Текстов определител УДК Водни транспортни средства. Морски транспортни средства. Плавателни съдове. Кораби. Корабостроене
УДК код - определител по УДК 629.5
УДК определител (075.32)
УДК - код + определител 629.5(075.32)
100 1# - Редна дума - Автор
Автор Калев, Христо Иванов
Авторска отговорност първи автор
R(LIN) 279367
139 ## - Редно поле
Редна дума Калев, Христо Иванов и др.
Авторски знак Кал - К 16
245 10 - Сведения за заглавието
Заглавие Специална технология по корабостроене
Подзаглавни данни Учебник за І и II курс на СПТУ по корабостроене
Редно поле (дума) Христо Иванов Калев; съавт. Цанко Илиев Лапаков.
257 ## - Страна на издаване
Страна на създаване/издаване България
260 ## - Област на издателските данни
Име на издателя, разпространителя и проч. Техника
Година на издаване 1976
Печатница Перник : В. Андреев
300 ## - Физическа характеристика
Страници 431 с.
Илюстрации и др. с черт.
Размери/Мащаб 22 см
380 ## - Жанр
Жанр Техника
500 ## - Общи забележки
Забележка 866 тир.
650 #4 - Допълнително описание по предмет – тема
Основно описание – тема или топоним Корабостроене
9 (RLIN) 159429
650 #4 - Допълнително описание по предмет – тема
Основно описание – тема или топоним Учебници - за средните училища
9 (RLIN) 265747
700 1# - Други автори (авторска отговорност)
Лично име Лапаков, Цанко Илиев
Автороска отговорност (Описва отношението между автора и произведението) съавт.
9 (RLIN) 343788
852 ## - Местоположение
Форматна сигнатура Цб 81804
856 4# - Електронен адрес и достъп
Електронен формат pdf - файл
856 4# - Електронен адрес и достъп
Електронен формат pdf - файл
999 ## - СИСТЕМНИ КОНТРОЛНИ НОМЕРА
Koha biblionumber 185391
Koha biblioitemnumber 185391
942 ## - АРТИКУЛИ
Вид на библиотечния материал Книги
Скрит в OPAC Не
Периодичен библиозапис Да
Koha issues (borrowed), all copies 1
944 ## - СЪЗДАВАНЕ И РЕДАКЦИЯ на ЗАПИСА
Създаване/Редакция Създаване
Дата на регистрацията/редакция 25.10.2016
Служител, извършил регистрацията/редакцията Кети_Илиева
944 ## - СЪЗДАВАНЕ И РЕДАКЦИЯ на ЗАПИСА
Създаване/Редакция Редакция
Дата на регистрацията/редакция 25.10.2016
Служител, извършил регистрацията/редакцията Кети_Илиева
999 ## - СИСТЕМНИ КОНТРОЛНИ НОМЕРА
Koha biblioitemnumber 185391
Наличности
Код за отписване Код за изгубен артикул Източник на класификационната схема Код за повреда Коз за рестрикции Код за отдаване Артикулен № Име на библиотеката - собственик Име на библиотеката, в която се намира в момента Статус (Текущо местоположение) Дата на вписване в системата Местоположение - отдел Цена в лева Инвентарен номер Систематично азбучна сигнатура Баркод Номер на екземпляра Цена в евро Служебна бележка Служебен тип на артикула
  Не е изгубен Universal Decimal Classification Не е повреден без рестрикции ползва се в читалня 321223 Регионална библиотека "Любен Каравелов" Русе Регионална библиотека "Любен Каравелов" Русе Хранилище 1976-01-01 Хранилище 1.04 210220 Цб 81804 120000210220 1 0.53 Вид: Сф Дата: 01.01.1976 Книги
Изтеглен Не е изгубен Universal Decimal Classification Не е повреден без рестрикции заемане за дома 321224 Регионална библиотека "Любен Каравелов" Русе Регионална библиотека "Любен Каравелов" Русе Заемна - подръчен фонд 1976-01-01 Заемна - подръчен фонд 1.04 244477 629.5/К 16 244477 2 0.53 Вид: Сф Дата: 01.01.1976 Дата инв: 07.02.2018 Бележки инв: П2018 Книги
Изтеглен Не е изгубен Universal Decimal Classification Не е повреден без рестрикции заемане за дома 321225 Регионална библиотека "Любен Каравелов" Русе Регионална библиотека "Любен Каравелов" Русе Заемна - подръчен фонд 1976-01-01 Заемна - подръчен фонд 1.04 244478 П 629.128/К 16 244478 3 0.53 Вид: Сф Дата: 01.01.1976 Книги
Vip Innovations Ltd, Rousse, Bulgaria 2025